Carolina Panthers Trivia - Statistics

General Stats
  • This quiz has been taken 205 times
  • The average score is 7 of 10
Answer Stats
Hint Answer % Correct
Leading passer in Panthers history Cam Newton
97%
Quarterback drafted #1 overall in 2023 Bryce Young
94%
Coach whose conservative play-calling led to the ironic nickname "Riverboat Ron" Ron Rivera
84%
In 2019, he became one of only three players in NFL history with 1000 yards receiving and 1000 yards rushing in a single season Christian McCaffrey
83%
The Panthers all-time leading receiver (2001–2013) Steve Smith
76%
Defensive end inducted into the Pro Football Hall of Fame in 2024 Julius Peppers
59%
NBA legend who has been seen banging the drum at Panthers game Stephen Curry
55%
The Panthers' 1-2 punch at running back from 2008–2014 Jonathan Stewart
51%
The Panthers' 1-2 punch at running back from 2008–2014 DeAngelo Williams
45%
Nickname of Luke Kuechly (hint: a superhero) Captain America
33%
No matching quizzes found
Score Distribution
Percent of People with Each Score
Percentile by Number Answered
Your Score History
You have not taken this quiz